In search of the divine : some unexpected consequences of interfaith dialogue /

Bibliographic Details
Corporate Author: God Conference
Other Authors: Shinn, Larry D., 1942-
Format: Conference Proceeding Book
Language:English
Published: New York : Paragon House Publishers, [1987]
Series:God, the contemporary discussion series.
Subjects:

MARC

Tag First Indicator Second Indicator Subfields
LEADER 00000cam a2200000 a 4500
001 in00000009707
005 20151007051638.0
008 861117s1987 nyu b 10100 eng
010 |a  86030337  
020 |a 0913757292 (pbk.) 
020 |a 0913757284 (hard) 
035 |a (OCoLC)14905915 
035 |9 AAA4081AM 
040 |a DLC  |c DLC  |d TXA  |d UtOrBLW 
049 |a TXAM  |c [A11034483] 
050 0 0 |a BL473  |b .I5 1987 
082 0 |a 291.2/11  |2 19 
245 0 0 |a In search of the divine :  |b some unexpected consequences of interfaith dialogue /  |c edited by Larry D. Shinn. 
264 1 |a New York :  |b Paragon House Publishers,  |c [1987] 
264 4 |c ©1987 
300 |a xxix, 146 pages ;  |c 23 cm. 
336 |a text  |b txt  |2 rdacontent 
337 |a unmediated  |b n  |2 rdamedia 
338 |a volume  |b nc  |2 rdacarrier 
490 1 |a God, the contemporary discussion series 
500 |a "A New ERA book." 
500 |a Revised papers presented at the Third Annual God Conference held January 1984 at Dorado Beach, Puerto Rico. 
504 |a Includes bibliographies and index. 
650 0 |a God  |v Comparative studies. 
650 0 |a Theological anthropology  |x Comparative studies. 
700 1 |a Shinn, Larry D.,  |d 1942- 
711 2 |a God Conference  |n (3rd :  |d 1984 :  |c Dorado Beach, P.R.) 
830 0 |a God, the contemporary discussion series. 
999 |a MARS 
999 f f |s 929f02df-cac3-3cfc-aa84-c8138cef352c  |i 87f357d3-0dd6-3bd1-ad9b-75d96a5def9e  |t 0 
952 f f |p ric  |a Texas A&M University  |b Rellis Campus  |c Joint Library Facility  |d Remote Storage  |t 0  |e BL473 .I5 1987  |h Library of Congress classification  |i unmediated -- volume  |m A14811034483 
998 f f |a BL473 .I5 1987  |t 0  |l Remote Storage